| 000 | 00383nam a2200145Ia 4500 | ||
|---|---|---|---|
| 008 | 240624s9999 xx 000 0 und d | ||
| 041 | _aeng | ||
| 082 | _a658.049 HAR | ||
| 100 | _aHARVARD BUSINESS PRESS | ||
| 245 | _aHARVARD BUSINESS REVIEW ON THRIVING IN E | ||
| 250 | _a11 | ||
| 260 |
_c2011 _aBoston _bHarvard Business Press |
||
| 300 | _a256 : p. : cm. ; 20 | ||
| 365 |
_cRS _b27 |
||
| 999 |
_c17743 _d17743 |
||